000 00600nam a22001937a 4500
999 _c4605
_d4605
003 GBCCL
005 20241126110522.0
008 180125b xxu||||| |||| 00| 0 eng d
020 _a0687076706
040 _cgbc
082 _a248.4
_bMOO
100 _aMoore, James W.
_98484
245 _aAttitude is Your Painbrush:
_bIt Colors Every Situation /
_cJames W. Moore
260 _aNashville:
_bDimensions for Living,
_c1998
300 _a152 p.;
_c23 cm.
650 _aChristian life
_vMethodist authors
_98485
650 _aAttitude (Psychology)
_vReligious Aspects
_xChristianity
_98486
942 _2ddc
_cBK